000 00991nam a2200217 i 4500
001 39034
003 ES-MaACL
005 20250828083412.0
007 t|
008 030227s1969 sp ||||1| spa d
080 _a331:63(460)
110 2 _aObra Sindical Educación y Descanso (España)
_96002
245 1 0 _aCampaña de cursos de formación y descanso para trabajadores y matrimonios campesinos.
260 _a[Oviedo :
_bInstituto de Estudios Sindicales, Sociales y Cooperativos, Escuela Sindical, Cámara Oficial Sindical Agraria],
_c1969 (
_eGijón :
_fAmez)
300 _a70 h., 15 lám. col. y n. ;
_c22 cm.
594 _aPrecede al tít.: Organización Sindical de Asturias. Vicesecretaría Nacional de Ordenación Social. Hermandad Sindical Nacional de Labradores y Ganaderos. Obra Sindical Educación y Descanso.
650 4 _aTrabajadores agrícolas-
_zEspaña.
_917584
710 2 _aEscuela Sindical (Oviedo)
_93591
852 _aES-MaACL
_jC-48375
999 _c39034
_d39034